[Event "Napoli Province-ch"]
[Site "Napoli"]
[Date "2012.12.20"]
[Round "5"]
[White "Trematerra, Massimiliano"]
[Black "Borrelli, Salvatore"]
[Result "0-1"]
[WhiteElo "1461"]
[BlackElo "1937"]
[PlyCount "114"]
[EventDate "2012.11.22"]
[EventType "swiss"]
[EventRounds "7"]
[EventCountry "ITA"]
[SourceTitle "EXT 2014"]
[Source "ChessBase"]
[SourceDate "2013.11.20"]
[SourceVersion "1"]
[SourceVersionDate "2013.11.20"]
[SourceQuality "1"]

1. d4 Nf6 2. c4 g6 3. Nd2 Bg7 4. Nb3 0-0 5. Bf4 d6 6. h3 Qe8 7. g4 Qc6 8. f3 Qxc4 9. e4 Qe6 10. Qc2 c6 11. Bc4 Qd7 12. Bd2 b6 13. g5 Nh5 14. Ne2 d5 15. Bd3 e5 16. Bb4 Re8 17. 0-0-0 a5 18. Ba3 Ba6 19. exd5 Bxd3 20. Qxd3 b5 21. Bc5 a4 22. dxc6 Nxc6 23. d5 axb3 24. dxc6 Qxd3 25. Rxd3 bxa2 26. Kc2 a1N+ 27. Rxa1 Rxa1 28. Nc3 Nf4 29. Rd7 Ne6 30. Be7 Nd4+ 31. Kd3 Nxc6 32. Bc5 b4 33. Ne4 Rd1+ 34. Nd2 Rd8 35. Ke2 Rxd7 36. Kxd1 Nd4 37. Ke1 Bf8 38. Ne4 Bxc5 39. Nf6+ Kg7 40. Nxd7 Nxf3+ 41. Kd1 Bd4 42. Kc1 Nxg5 43. h4 Nf3 44. Nb8 Nxh4 45. Nc6 f5 46. Nxb4 Kf6 47. Kd2 Bxb2 48. Nc2 e4 49. Ke2 Nf3 50. Ne3 Ke6 51. Nc2 Nd4+ 52. Nxd4+ Bxd4 53. Kf1 Kd5 54. Ke1 Kc4 55. Kd2 e3+ 56. Kc2 Bc3 57. Kc1 Kd3 0-1

[Event "Napoli Province-ch"]
[Site "Napoli"]
[Date "2012.12.02"]
[Round "3"]
[White "Angelotti, Mario"]
[Black "Borrelli, Salvatore"]
[Result "0-1"]
[WhiteElo "1757"]
[BlackElo "1937"]
[PlyCount "58"]
[EventDate "2012.11.22"]
[EventType "swiss"]
[EventRounds "7"]
[EventCountry "ITA"]
[SourceTitle "EXT 2014"]
[Source "ChessBase"]
[SourceDate "2013.11.20"]
[SourceVersion "1"]
[SourceVersionDate "2013.11.20"]
[SourceQuality "1"]

1. e4 e6 2. d4 d5 3. Nd2 c5 4. exd5 Qxd5 5. Bc4 Qxg2 6. Qf3 Qxf3 7. Ngxf3 Nf6 8. Nb3 cxd4 9. Nbxd4 a6 10. Bf4 Nbd7 11. 0-0-0 Nb6 12. Bb3 Nbd5 13. Bg3 Be7 14. Rhe1 0-0 15. Ne5 Rd8 16. h4 Bd7 17. Nc4 Be8 18. f4 Nh5 19. Bh2 Bxh4 20. Rh1 Bf6 21. Ne5 Ndxf4 22. Ndf3 Ne2+ 23. Kb1 Rxd1+ 24. Rxd1 Rd8 25. Nd3 Nhf4 26. Nfe1 Nxd3 27. Nxd3 Nd4 28. c3 Nxb3 29. axb3 Bc6 0-1

[Event "Napoli Province-ch"]
[Site "Napoli"]
[Date "2012.11.29"]
[Round "2"]
[White "Taurisano, Vincenzo"]
[Black "Borrelli, Salvatore"]
[Result "1-0"]
[WhiteElo "1851"]
[BlackElo "1937"]
[PlyCount "113"]
[EventDate "2012.11.22"]
[EventType "swiss"]
[EventRounds "7"]
[EventCountry "ITA"]
[SourceTitle "EXT 2014"]
[Source "ChessBase"]
[SourceDate "2013.11.20"]
[SourceVersion "1"]
[SourceVersionDate "2013.11.20"]
[SourceQuality "1"]

1. Nf3 e6 2. c4 d5 3. d4 Nf6 4. Bg5 Be7 5. Nc3 0-0 6. e3 h6 7. Bh4 Ne4 8. Bxe7 Qxe7 9. Bd3 Nxc3 10. bxc3 dxc4 11. Bxc4 Nd7 12. 0-0 c5 13. a4 b6 14. Qe2 Bb7 15. a5 Qf6 16. Bb5 Bxf3 17. Qxf3 Qxf3 18. gxf3 Nf6 19. axb6 axb6 20. Bc6 Rac8 21. Be4 cxd4 22. cxd4 b5 23. Rab1 Rb8 24. Rb4 Nxe4 25. fxe4 Rb6 26. Rfb1 Rfb8 27. Kf1 Kf8 28. Ke2 Ke7 29. Kd3 Kd6 30. e5+ Ke7 31. Rc1 R8b7 32. e4 f6 33. exf6+ gxf6 34. Rc5 Kf7 35. f4 Ra7 36. Rcxb5 Rxb5 37. Rxb5 Ra3+ 38. Kc4 Re3 39. e5 Rf3 40. Rb7+ Ke8 41. exf6 Rxf4 42. Re7+ Kf8 43. Rxe6 Kf7 44. Rb6 Rh4 45. Rb2 Kxf6 46. Re2 Rg4 47. Kc5 Rg7 48. Kd6 Rg4 49. Rf2+ Kg7 50. d5 Rd4 51. Ke6 Rd1 52. d6 Re1+ 53. Kd7 Rd1 54. Ke7 Re1+ 55. Kd8 Rd1 56. d7 Rd3 57. Rc2 1-0

[Event "Napoli Province-ch"]
[Site "Napoli"]
[Date "2012.11.22"]
[Round "1"]
[White "Borrelli, Salvatore"]
[Black "Messina, Enrico"]
[Result "0-1"]
[WhiteElo "1937"]
[BlackElo "2225"]
[PlyCount "64"]
[EventDate "2012.11.22"]
[EventType "swiss"]
[EventRounds "7"]
[EventCountry "ITA"]
[SourceTitle "EXT 2014"]
[Source "ChessBase"]
[SourceDate "2013.11.20"]
[SourceVersion "1"]
[SourceVersionDate "2013.11.20"]
[SourceQuality "1"]

1. d4 Nf6 2. c4 c5 3. d5 b5 4. Qc2 e6 5. e4 bxc4 6. Bxc4 Bb7 7. Nc3 Be7 8. Nf3 exd5 9. exd5 0-0 10. 0-0 d6 11. Bf4 Nbd7 12. Rad1 Nb6 13. b3 Rb8 14. Ng5 Nxc4 15. bxc4 Ba6 16. Nce4 Nxe4 17. Nxe4 Rb4 18. Nd2 Qd7 19. Rb1 Rfb8 20. a3 Rxb1 21. Rxb1 Rxb1+ 22. Qxb1 h6 23. h3 g5 24. Bh2 Qa4 25. Qc1 Bf8 26. Ne4 Qxc4 27. Nf6+ Kg7 28. Ne8+ Kg6 29. Qb1+ Qd3 30. Qa1 Qd4 31. Qxd4 cxd4 32. Bxd6 d3 0-1

[Event "Napoli Porreca Memorial 2nd"]
[Site "Napoli"]
[Date "2012.09.20"]
[Round "1"]
[White "Auletta, Angelo"]
[Black "Borrelli, Salvatore"]
[Result "1-0"]
[WhiteElo "2190"]
[BlackElo "1937"]
[PlyCount "71"]
[EventDate "2012.09.20"]
[EventType "swiss"]
[EventRounds "7"]
[EventCountry "ITA"]
[SourceTitle "EXT 2014"]
[Source "ChessBase"]
[SourceDate "2013.11.20"]
[SourceVersion "1"]
[SourceVersionDate "2013.11.20"]
[SourceQuality "1"]

1. e4 e6 2. d4 d5 3. Nd2 dxe4 4. Nxe4 Nd7 5. Nf3 Ngf6 6. Nxf6+ Nxf6 7. Bd3 Be7 8. 0-0 0-0 9. Bg5 h6 10. Bh4 b6 11. Bxf6 Bxf6 12. Be4 Rb8 13. Ne5 Bb7 14. Bxb7 Rxb7 15. Qf3 Qd5 16. Qxd5 exd5 17. Nc6 Re8 18. Rfe1 Kf8 19. a4 a6 20. b4 b5 21. a5 Bg5 22. g3 f5 23. h4 Bf6 24. Kg2 Kf7 25. c3 Re6 26. Rxe6 Kxe6 27. Re1+ Kd6 28. Ne5 g5 29. hxg5 hxg5 30. Nd3 c6 31. Nc5 Re7 32. Rxe7 Bxe7 33. g4 fxg4 34. Kg3 Kc7 35. Kxg4 Bd8 36. Ne6+ 1-0

[Event "Napoli Sociale-ch"]
[Site "Napoli"]
[Date "2012.06.21"]
[Round "4"]
[White "Borrelli, Salvatore"]
[Black "Sparice, Lorenzo"]
[Result "1-0"]
[WhiteElo "1960"]
[BlackElo "1489"]
[PlyCount "93"]
[EventDate "2012.05.31"]
[EventType "swiss"]
[EventRounds "7"]
[EventCountry "ITA"]
[SourceTitle "EXT 2018"]
[Source "ChessBase"]
[SourceDate "2017.10.13"]
[SourceVersion "1"]
[SourceVersionDate "2017.10.13"]
[SourceQuality "1"]

1. d4 b6 2. Bf4 e6 3. e3 Bb7 4. Nf3 a6 5. Bd3 Be7 6. 0-0 Nf6 7. h3 c5 8. c3 cxd4 9. cxd4 0-0 10. Nc3 d5 11. Rc1 Nbd7 12. Bb1 Nh5 13. Bxh7+ Kxh7 14. Ng5+ Bxg5 15. Qxh5+ Bh6 16. Na4 Nf6 17. Qh4 Nd7 18. Qxd8 Raxd8 19. Bc7 Rc8 20. Nxb6 Nxb6 21. Bxb6 Rxc1 22. Rxc1 f5 23. Rc7 Bc8 24. Bc5 Rd8 25. f4 Bd7 26. Be7 Rb8 27. Rxd7 Rxb2 28. a3 Rb3 29. Kf2 Rb2+ 30. Kf3 Rb1 31. Rd6 Kg8 32. Rxa6 Rb7 33. Bc5 Kf7 34. Ra7 Rxa7 35. Bxa7 g5 36. Bb8 gxf4 37. Bxf4 Bf8 38. a4 Bb4 39. Bc7 Ke7 40. h4 Kd7 41. Bb6 Bf8 42. Ba5 Be7 43. Be1 Bd6 44. Bg3 Bb4 45. h5 Ke8 46. Bc7 Kd7 47. h6 1-0

[Event "Napoli Parthenope op 4th"]
[Site "Napoli"]
[Date "2012.04.26"]
[Round "6"]
[White "Oliveri, Aldo"]
[Black "Borrelli, Salvatore"]
[Result "0-1"]
[WhiteElo "1715"]
[BlackElo "1960"]
[PlyCount "45"]
[EventDate "2012.03.22"]
[EventType "swiss"]
[EventRounds "7"]
[EventCountry "ITA"]
[SourceTitle "EXT 2018"]
[Source "ChessBase"]
[SourceDate "2017.10.13"]
[SourceVersion "1"]
[SourceVersionDate "2017.10.13"]
[SourceQuality "1"]

1. d4 Nf6 2. c4 g6 3. Nc3 Bg7 4. Nf3 0-0 5. g3 d6 6. Bg2 a6 7. 0-0 Nc6 8. e3 Rb8 9. Rb1 Bf5 10. Ra1 Bd7 11. a3 Na5 12. Qe2 Be6 13. Nd2 Bc8 14. Re1 c5 15. d5 b6 16. e4 Nd7 17. Rb1 Ne5 18. b4 Nb7 19. Bb2 Bd7 20. Nf3 Qc8 21. Nxe5 dxe5 22. Nd1 Nd6 23. Ne3 0-1